[Event "TCh-BIH"]
[Site "Neum BIH"]
[Date "2002.06.03"]
[Round "3"]
[White "Sokolov,I"]
[Black "Varga,Zo"]
[Result "1-0"]
[WhiteElo "2647"]
[BlackElo "2495"]

1.d4 d5 2.Nf3 a6 3.Bg5 f6 4.Bf4 c5 5.e3 c4 6.Nc3 Nc6 7.e4 e6 8.Qe2 Kf7 9.a3 b5
10.g3 g5 11.Be3 h6 12.Bg2 Nge7 13.h4 dxe4 14.hxg5 exf3 15.Qxf3 f5 16.Qh5+ Ng6
17.Bxc6 hxg5 18.Qxg5 Be7 19.Rxh8 Qxh8 20.Qh6 Qxh6 21.Bxh6 Rb8 22.O-O-O Bb7
23.Bxb7 Rxb7 24.d5 e5 25.Be3 a5 26.a4 bxa4 27.Nxa4 f4 28.gxf4 exf4 29.Bd4 Ke8
30.Rh1 Nh4 31.Nb6 Bg5 32.d6 Rb8 33.d7+  1-0

[Event "TCh-BIH"]
[Site "Neum BIH"]
[Date "2002.06.04"]
[Round "4"]
[White "Miljanic,B"]
[Black "Sokolov,I"]
[Result "0-1"]
[WhiteElo "2431"]
[BlackElo "2647"]

1.e4 e5 2.Nf3 Nc6 3.Bc4 Bc5 4.c3 Nf6 5.d3 a6 6.Bb3 O-O 7.O-O Ba7 8.Re1 d6
9.h3 h6 10.Nbd2 Nh5 11.Nf1 Qf6 12.Be3 Nf4 13.Bxa7 Rxa7 14.Ne3 Ne7 15.d4 Neg6
16.Ng4 Qe7 17.Bc4 Ra8 18.Bf1 h5 19.Ne3 Qf6 20.Kh2 h4 21.g3 exd4 22.cxd4 Ne6
23.Bg2 Bd7 24.Rc1 Rae8 25.b4 c6 26.e5 dxe5 27.dxe5 Qd8 28.Nc4 Qc7 29.Qd6 hxg3+
30.fxg3 Rd8 31.Rcd1 Bc8 32.Qxc7 Nxc7 33.Nd6 Nd5 34.Nxc8 Rxc8 35.a3 Rfd8 36.h4 Rc7
37.h5 Nf8 38.Ng5 Re7 39.Bh3 Rde8 40.Bf5 Rxe5 41.Rxe5 Rxe5 42.g4 g6  0-1

[Event "TCh-BIH"]
[Site "Neum BIH"]
[Date "2002.06.05"]
[Round "5"]
[White "Sokolov,I"]
[Black "Golubovic,B"]
[Result "1/2-1/2"]
[WhiteElo "2647"]
[BlackElo "2462"]

1.d4 d5 2.c4 e6 3.Nf3 c5 4.cxd5 exd5 5.g3 Nc6 6.Bg2 Nf6 7.O-O Be7 8.Nc3 O-O
9.Bg5 c4 10.Ne5 Be6 11.Nxc6 bxc6 12.b3 Qa5 13.Qc2 Rfd8 14.e3 Rac8 15.Na4 c5
16.Nxc5 Bxc5 17.dxc5 Qxc5 18.Bxf6 gxf6 19.Rfd1 d4 20.exd4 Rxd4 21.Rxd4 Qxd4
22.Rd1 Qe5 23.bxc4 Rxc4 24.Qd2 Kg7 25.Bd5 Bxd5 26.Qxd5 Qxd5 27.Rxd5 Ra4 28.Rd2 h5
29.Kg2 h4 30.gxh4 Rxh4 31.Rd3 Ra4 32.Rg3+ Kh6 33.a3 f5 34.h3 f6 35.Rc3 Kg5
36.Kg3 Kg6 37.Kf3 Kg5 38.Ke2 Re4+ 39.Kd2 Rf4 40.Rg3+ Kh4 41.Ke2 Re4+ 42.Kf1 Ra4
43.Rf3 Kg5 44.Ke2 Re4+ 45.Kd2 Rd4+ 46.Kc3 Ra4 47.Kd2  1/2-1/2

[Event "TCh-BIH"]
[Site "Neum BIH"]
[Date "2002.06.06"]
[Round "7"]
[White "Sokolov,I"]
[Black "Arapovic,V"]
[Result "1-0"]
[WhiteElo "2647"]
[BlackElo "2446"]

1.d4 g6 2.c4 Bg7 3.Nc3 d6 4.e4 e5 5.d5 f5 6.exf5 gxf5 7.Qh5+ Kf8 8.Bd3 Nf6
9.Qd1 Na6 10.Nge2 c6 11.Ng3 e4 12.Be2 cxd5 13.cxd5 h5 14.Bg5 Qa5 15.Qd2 h4
16.Nf1 Nc5 17.Rc1 Bd7 18.Ne3 b5 19.Bf4 Qb6 20.b4 Na6 21.a4 Nxb4 22.Nxb5 a5
23.Bxd6+ Kg8 24.Bc7 Qb7 25.Nd6 Qa7 26.Ndxf5 Bxf5 27.Nxf5 Rh5 28.Nxg7 Kxg7
29.Bxh5 Nd3+ 30.Kf1 Kh7 31.Rc6 Qd4 32.Bb6 Qe5 33.Be2 Qa1+ 34.Qd1 Qxd1+ 35.Bxd1 Nxd5  1-0

[Event "TCh-BIH"]
[Site "Neum BIH"]
[Date "2002.06.07"]
[Round "8"]
[White "Perunovic,Mil"]
[Black "Sokolov,I"]
[Result "1/2-1/2"]
[WhiteElo "2478"]
[BlackElo "2647"]

1.e4 e5 2.Nf3 Nc6 3.Bb5 a6 4.Ba4 Nf6 5.d3 Bc5 6.c3 b5 7.Bb3 d6 8.Nbd2 O-O
9.h3 h6 10.Nf1 d5 11.Ng3 Be6 12.O-O Qd7 13.d4 exd4 14.cxd4 dxe4 15.Ne5 Nxe5
16.dxe5 Qxd1 17.Rxd1 Bxb3 18.axb3 Nh7 19.Nxe4 Bb6 20.Bf4 Rfe8 21.Nc3 Nf8
22.Nd5 Ng6 23.Nxb6 cxb6 24.Be3 Rxe5 25.Rd6 Ne7 26.Rxb6 Nf5 27.Bd2 Nd4 28.Rbxa6 Rxa6
29.Rxa6 Nxb3 30.Be3 Rd5  1/2-1/2

[Event "Olympiad"]
[Site "Bled SLO"]
[Date "2002.10.31"]
[Round "6"]
[White "Sokolov,I"]
[Black "Iordachescu,V"]
[Result "1-0"]
[WhiteElo "2684"]
[BlackElo "2567"]

1.d4 Nf6 2.c4 e6 3.Nf3 d5 4.Nc3 Be7 5.Bg5 O-O 6.e3 Nbd7 7.Rc1 dxc4 8.Bxc4 c5
9.O-O a6 10.dxc5 Nxc5 11.b4 Nce4 12.Nxe4 Nxe4 13.Bxe7 Qxe7 14.Qd4 Nf6 15.Bb3 a5
16.b5 a4 17.Bc4 Rd8 18.Qf4 Bd7 19.Qc7 Kf8 20.Rfd1 Be8 21.Qb6 Rxd1+ 22.Rxd1 Rc8
23.Bd3 Nd5 24.Qd4 Qb4 25.h3 Qxd4 26.Nxd4 g6 27.Rd2 Ke7 28.Be4 Rc5 29.b6 e5
30.Bxd5 exd4 31.Rxd4 Rb5 32.Bxb7 Rxb6 33.Bd5 Rb2 34.g4 h6 35.Kg2 f5 36.gxf5 gxf5
37.Kg3 Kf6 38.Bc4 Rc2 39.f3 Ke5 40.Rd5+ Ke6 41.Rd8+ Ke7 42.Rd4 Bd7 43.h4 Rb2
44.Kf4 Rh2 45.Ke5 Rf2 46.Rf4 Rc2 47.Rd4 Rf2 48.Bd5 Re2 49.Rd3 Rh2 50.Rc3 Re2
51.a3 Re1 52.f4 Ra1 53.e4 fxe4 54.f5 Rf1 55.Bxe4 Be8 56.Rc7+ Kd8 57.Ra7 Re1
58.Kd6  1-0

[Event "Olympiad"]
[Site "Bled SLO"]
[Date "2002.11.07"]
[Round "12"]
[White "Sokolov,I"]
[Black "Illescas Cordoba,M"]
[Result "1/2-1/2"]
[WhiteElo "2684"]
[BlackElo "2585"]

1.d4 d6 2.Bg5 h6 3.Bh4 g6 4.c3 Bg7 5.Nd2 Nf6 6.Ngf3 O-O 7.e3 b6 8.Bd3 Bb7
9.O-O Nbd7 10.Qb3 c5 11.a4 a6 12.Rad1 Qc7 13.Rfe1 b5 14.axb5 axb5 15.Bxb5 Rfb8
16.c4 Bc6 17.Nb1 Qb7 18.Nc3 Bxf3 19.gxf3 Qxf3 20.Qc2 g5 21.Bg3 h5 22.h3 h4
23.Bh2 Qxh3 24.f4 gxf4 25.exf4 cxd4 26.Rxd4 Nc5 27.Qg2 Qxg2+ 28.Kxg2 Ng4
29.Rd2 Bxc3 30.bxc3 Nxh2 31.Kxh2 Kf8 32.f5 Ra3 33.Re3 Rba8 34.f6 Ne6 35.Kh3 Ra2
36.Rxa2 Rxa2 37.fxe7+ Kxe7 38.Kxh4 Rg2 39.Bc6 Rg7 40.Rf3 Ng5 41.Rf5 Ne6 42.Bd5 Nf8
43.Kh3 Nd7 44.Kh4 f6 45.Rf1 Ne5 46.Ra1 Rg4+ 47.Kh3 f5 48.Ra7+ Kf6 49.Ra6 Nxc4
50.Bxc4 Rxc4 51.Rxd6+ Ke5 52.Rd2 Rxc3+ 53.Kg2 Ke4 54.Re2+ Kf4 55.Rf2+ Kg4
56.Ra2 f4 57.Rb2 Rg3+ 58.Kf2 Rh3 59.Rb8 Rh2+ 60.Kg1 Ra2 61.Rb3 f3  1/2-1/2

[Event "TCh-BEL 2002-3"]
[Site "Belgium BEL"]
[Date "2002.11.24"]
[Round "3"]
[White "Sokolov,I"]
[Black "Ikonnikov,V"]
[Result "1-0"]
[WhiteElo "2684"]
[BlackElo "2549"]

1.d4 Nf6 2.c4 e6 3.Nc3 Bb4 4.Qc2 O-O 5.a3 Bxc3+ 6.Qxc3 b6 7.Bg5 Bb7 8.e3 d6
9.f3 Nbd7 10.Bd3 c5 11.Ne2 Rc8 12.O-O d5 13.cxd5 exd5 14.Bf5 cxd4 15.Qxd4 Rc4
16.Qd2 Nc5 17.Rad1 h6 18.Bxf6 Qxf6 19.Bb1 Ne6 20.Qd3 g6 21.e4 Nc5 22.Qe3 Qxb2
23.exd5 Qf6 24.Qxh6 Rd8 25.Be4 Qg7 26.Qe3 Re8 27.Ng3 Qe5 28.Qh6 Qg7 29.Qd2 Qc3
30.Qf2 Ra4 31.Ne2 Qe5 32.d6 Bxe4 33.fxe4 Rf8 34.d7 Ne6 35.Rd5 Qxe4 36.Nc3 Qc4
37.d8=Q Nxd8 38.Rxd8 Rxd8 39.Nxa4 Rd7 40.Qe3 Qd4 41.Qxd4  1-0

[Event "TCh-BEL 2002-3"]
[Site "Belgium BEL"]
[Date "2002.11.24"]
[Round "3"]
[White "Sokolov,I"]
[Black "Ikonnikov,V"]
[Result "1-0"]
[WhiteElo "2684"]
[BlackElo "2549"]

1.d4 Nf6 2.c4 e6 3.Nc3 Bb4 4.Qc2 O-O 5.a3 Bxc3+ 6.Qxc3 b6 7.Bg5 Bb7 8.e3 d6
9.f3 Nbd7 10.Bd3 c5 11.Ne2 Rc8 12.O-O d5 13.cxd5 exd5 14.Bf5 cxd4 15.Qxd4 Rc4
16.Qd2 Nc5 17.Rad1 h6 18.Bxf6 Qxf6 19.Bb1 Ne6 20.Qd3 g6 21.e4 Nc5 22.Qe3 Qxb2
23.exd5 Qf6 24.Qxh6 Rd8 25.Be4 Qg7 26.Qg5 Re8 27.Ng3 Qe5 28.Qh6 Qg7 29.Qd2 Qc3
30.Qf2 Ra4 31.Ne2 Qe5 32.d6 Bxe4 33.fxe4 Rf8 34.d7 Ne6 35.Rd5 Qxe4 36.Nc3 Qc4
37.d8=Q Nxd8 38.Rxd8 Rxd8 39.Nxa4 Rd7 40.Qe3 Qd4 41.Qxd4  1-0

[Event "National I"]
[Site "Sautron FRA"]
[Date "2003.02.01"]
[Round "2"]
[White "Sokolov,I"]
[Black "Rainfray,A"]
[Result "1-0"]
[WhiteElo "2688"]
[BlackElo "2392"]

1.d4 d5 2.c4 e6 3.Nf3 Nf6 4.Nc3 Bb4 5.cxd5 exd5 6.Bg5 Nbd7 7.Qc2 h6 8.Bh4 g5
9.Bg3 Ne4 10.e3 h5 11.h4 g4 12.Ng5 Nxg3 13.fxg3 Qe7 14.O-O-O Bxc3 15.bxc3 Rh6
16.Bd3 f6 17.Nh7 Kf7 18.Rhf1 Nb6 19.Rf4 Bd7 20.Rdf1 Ba4 21.Qf2 Nd7 22.Bf5 Bb5
23.Bxd7 Bxf1 24.Ng5+ Kg7 25.Ne6+ Kg8 26.Qxf1 Qxd7 27.Rxf6 Rxf6 28.Qxf6 Qf7
29.Qg5+ Kh8 30.Qe5+ Kg8 31.Qxd5 c6 32.Qg5+ Kh7 33.Nf4 Rg8 34.Qxh5+ Qxh5 35.Nxh5 Kg6
36.Nf4+ Kf5 37.Kd2 Re8 38.Nd3 Rf8 39.Ne5 Ke6 40.Ke2 Rg8 41.e4 a5 42.Ke3 a4
43.a3 c5 44.Nd3 cxd4+ 45.cxd4 b5 46.d5+ Ke7 47.Nb4 Rf8 48.e5 Rf1 49.h5 Rh1
50.Kd4 Rh2 51.d6+ Ke6 52.Nd3 Kd7 53.Nc5+ Kc6 54.d7 Kc7 55.e6  1-0

[Event "Tch-SWE 2002-3"]
[Site "Sweden SWE"]
[Date "2003.03.14"]
[Round "9"]
[White "Lindberg,Be"]
[Black "Sokolov,I"]
[Result "1/2-1/2"]
[WhiteElo "2382"]
[BlackElo "2688"]

1.e4 e5 2.Nf3 Nc6 3.Bb5 a6 4.Ba4 Nf6 5.O-O Be7 6.Re1 b5 7.Bb3 d6 8.c3 O-O
9.h3 Na5 10.Bc2 c5 11.d4 Qc7 12.Nbd2 cxd4 13.cxd4 Nc6 14.Nb3 a5 15.Be3 a4
16.Nbd2 Bd7 17.Rc1 Qb7 18.Bb1 Rac8 19.Nf1 h6 20.Ng3 Rfe8 21.dxe5 dxe5 22.Nh4 Bb4
23.Rf1 Rcd8 24.Qf3 Nd4 25.Bxd4 exd4 26.e5 Qxf3 27.Nxf3 Nd5 28.a3 Bf8 29.Rfd1 Nb6
30.Bd3 Rc8 31.Rxc8 Rxc8 32.Nxd4 Rc5 33.Nf3 Rd5 34.Ne2 Bc6 35.Nc3 Rc5 36.Nd4 Bd7
37.e6 fxe6 38.Ndxb5 Nd5 39.Nxd5 exd5 40.Nc3 Bc6 41.Kf1 Be7 42.Rc1 Bg5 43.Rc2 d4
44.Nxa4 Rxc2 45.Bxc2 Bb5+ 46.Ke1 Bxa4 47.Bxa4 Bc1 48.Ke2 Bxb2 49.Bb3+ Kf8
50.a4 Bc3 51.Kd3 Ke7 52.Ke4 Kd6 53.f4 h5 54.g4 hxg4 55.hxg4 Kc5 56.g5 Bd2
57.Kf5 d3 58.Kg4 Be3 59.f5 Kd6 60.Kh5 Ke7 61.Kg6 d2 62.a5 Kd6 63.a6 Kc7 64.Kxg7 Bxg5
65.f6 Kb6 66.f7  1/2-1/2

[Event "Tch-SWE 2002-3"]
[Site "Sweden SWE"]
[Date "2003.03.15"]
[Round "10"]
[White "Agrest,E"]
[Black "Sokolov,I"]
[Result "1/2-1/2"]
[WhiteElo "2574"]
[BlackElo "2688"]

1.c4 e5 2.Nc3 Nf6 3.Nf3 Nc6 4.d3 Bb4 5.e4 a6 6.Be2 b5 7.cxb5 axb5 8.O-O Bxc3
9.bxc3 O-O 10.Bg5 h6 11.Bh4 Re8 12.Qc1 d6 13.d4 Ra5 14.Rd1 Bd7 15.dxe5 Nxe5
16.Nxe5 Rxe5 17.f3 Qe7 18.Qb2 Bc6 19.Bd3 Rh5 20.Bg3 Nd7 21.Be2 Nb6 22.e5 Rxe5
23.Bxe5 Qxe5 24.Bd3 Na4 25.Qb4 Qxc3 26.Qg4 Qc5+ 27.Kh1 Ra8 28.Rac1 Nc3 29.Re1 b4
30.Re7 Bb5 31.Bxb5 Qxb5 32.Rxc7 Rxa2 33.h4 Ra8 34.Qf4 Rf8 35.Qxd6 Re8 36.Qf4 Qh5
37.Qxb4 Nd5 38.Qg4 Qxg4 39.fxg4 Nxc7 40.Rxc7 Re4 41.Kh2 Rxg4 42.Kh3 Ra4 43.g3 g6
44.Kg2 Kg7 45.Rc6 Re4 46.Kf3 Re6 47.Rc7 Kf6 48.Ra7 Rb6 49.Ra5 Ke6 50.Rc5 Rd6
51.Ra5 h5 52.Rb5 Rd5 53.Rb7 f6 54.Rb6+ Kf5 55.Rb3 Ke5 56.Re3+ Kf5 57.Ra3 g5
58.hxg5 fxg5 59.g4+ hxg4+ 60.Kg3  1/2-1/2

[Event "National I"]
[Site "Bordeaux FRA"]
[Date "2003.04.05"]
[Round "5"]
[White "Renet,O"]
[Black "Sokolov,I"]
[Result "1/2-1/2"]
[WhiteElo "2497"]
[BlackElo "2677"]

1.d4 d5 2.c4 c6 3.Nf3 Nf6 4.e3 Bg4 5.h3 Bh5 6.Nc3 e6 7.g4 Bg6 8.Ne5 Nbd7
9.Nxg6 hxg6 10.Qb3 Rb8 11.cxd5 Nxd5 12.Bd2 Bd6 13.Ne4 Be7 14.Bg2 Qb6 15.Qxb6 axb6
16.a4 e5 17.dxe5 Nxe5 18.Ke2 O-O 19.g5 Nc4 20.b3 Nxd2 21.Kxd2 Rfd8 22.Ke2 Ra8
23.h4 Ra5 24.Rhc1 Bb4 25.Kf3 Rda8 26.Rab1 b5 27.axb5 Rxb5 28.Bf1 Rba5 29.Rc2 Ra1
30.Rxa1 Rxa1 31.Bh3 Kf8 32.Bc8 Ra7 33.Bg4 Ke7 34.Rc1 Ra8 35.Rd1 f5 36.gxf6+ gxf6
37.Ng3 f5 38.Bh3 Rh8 39.h5 Bd6 40.Ra1 Bxg3 41.Kxg3 Rxh5 42.Ra7 Nc3 43.Rxb7+ Kd6
44.Bg2 Ne2+ 45.Kf3 Ng1+ 46.Kg3  1/2-1/2

[Event "National I"]
[Site "Bordeaux FRA"]
[Date "2003.04.07"]
[Round "7"]
[White "Sokolov,I"]
[Black "Marcelin,C"]
[Result "1-0"]
[WhiteElo "2677"]
[BlackElo "2503"]

1.d4 d5 2.c4 e6 3.Nc3 c6 4.e3 Bd6 5.Nf3 f5 6.Bd3 Nf6 7.O-O O-O 8.b3 b6 9.Bb2 Ne4
10.Ne2 Nd7 11.Rc1 Qe7 12.Ne5 Nxe5 13.dxe5 Ba3 14.Bxa3 Qxa3 15.Nd4 Bd7 16.cxd5 cxd5
17.Bxe4 fxe4 18.Rc7 Rf7 19.Qd2 Rc8 20.Nb5 Qf8 21.Rxc8 Bxc8 22.Rc1 Ba6 23.Nd6 Rd7
24.Qd4 Qd8 25.Qa4 Bb7 26.Qxa7 Rc7 27.Rxc7  1-0

[Event "National I"]
[Site "Clermont-Ferrand FRA"]
[Date "2003.05.09"]
[Round "9"]
[White "Sokolov,I"]
[Black "Sokolov,And"]
[Result "1-0"]
[WhiteElo "2677"]
[BlackElo "2563"]

1.d4 Nf6 2.c4 e6 3.Nc3 Bb4 4.Qc2 O-O 5.a3 Bxc3+ 6.Qxc3 b6 7.Bg5 Bb7 8.e3 d6
9.Ne2 Nbd7 10.Qd3 c5 11.Nc3 Qe7 12.Rd1 Rfd8 13.d5 Ne5 14.Qc2 h6 15.Bh4 Ng6
16.Bg3 Nh5 17.Be2 Nxg3 18.hxg3 a6 19.O-O Rdb8 20.a4 e5 21.Bd3 Nf8 22.g4 Qh4
23.f3 Bc8 24.Ne4 Qe7 25.b3 Nd7 26.Rb1 Nf6 27.Nc3 g6 28.Ne4  1-0

[Event "Mal & Menning Blitz"]
[Site "Reykjavik ISL"]
[Date "2003.07.06"]
[Round "4"]
[White "Hjartarson,J"]
[Black "Sokolov,I"]
[Result "1/2-1/2"]
[WhiteElo "2640"]
[BlackElo "2693"]

1.e4 e5 2.Nf3 Nc6 3.Bb5 a6 4.Ba4 Nf6 5.O-O b5 6.Bb3 Be7 7.c3 d6 8.h3 Nb8
9.d4 Nbd7 10.Nbd2 O-O 11.Bc2 c5 12.d5 g6 13.b3 Nh5 14.Re1 Bb7 15.Nf1 Bf6
16.a4 Nb6 17.Be3 bxa4 18.bxa4 Nc4 19.Bc1 Bg7 20.Bd3 Na5 21.c4 Bc8 22.Bd2 Nf4
23.Qc2 Rb8 24.Reb1 Rxb1 25.Rxb1 Qc7 26.Ng3 Bd7 27.Bf1 h5 28.Bxf4 exf4 29.Ne2 Rb8
30.Nxf4 Rxb1 31.Qxb1 Bxa4 32.e5 dxe5 33.Nxg6 fxg6 34.Qxg6 Nb7 35.Ng5 Nd8
36.Bd3 Qe7 37.Qxh5 Be8 38.Qh7+ Kf8 39.Qf5+ Kg8 40.Qh7+ Kf8  1/2-1/2

[Event "Mal & Menning Blitz"]
[Site "Reykjavik ISL"]
[Date "2003.07.06"]
[Round "5"]
[White "Sokolov,I"]
[Black "Hjartarson,J"]
[Result "1/2-1/2"]
[WhiteElo "2693"]
[BlackElo "2640"]

1.d4 Nf6 2.c4 e6 3.Nc3 d5 4.Nf3 Nbd7 5.cxd5 exd5 6.Bg5 Bb4 7.e3 c5 8.Bd3 Qa5
9.Qc2 c4 10.Bf5 Bxc3+ 11.Qxc3 Qxc3+ 12.bxc3 O-O 13.a4 Re8 14.Nd2 g6 15.Bc2 Kg7
16.a5 Nf8 17.O-O Bd7 18.Rfe1 Bc6 19.f3 Re6 20.e4 Rae8 21.e5 N6d7 22.f4 f5
23.h3 h6 24.Bh4 Nh7 25.Nf3 Rf8 26.Kh2 Ree8 27.Rg1 Rf7 28.g4 fxg4 29.Rxg4 Ndf8
30.f5 g5 31.Bg3 Bd7 32.e6 Bxe6 33.Be5+ Kg8 34.Nxg5 Nxg5 35.fxe6 Rf2+ 36.Rg2 Rxg2+
37.Kxg2 Nfxe6 38.Rb1 Re7 39.Rb5 Rd7 40.Bf5 Kf7 41.Bb8 Kf6 42.Bc2 a6 43.Rb6 Ne4
44.Bxe4 dxe4 45.Kf2 Kf5 46.Be5 Re7 47.Ke3  1/2-1/2

[Event "Mal & Menning Blitz"]
[Site "Reykjavik ISL"]
[Date "2003.07.06"]
[Round "6"]
[White "Hjartarson,J"]
[Black "Sokolov,I"]
[Result "0-1"]
[WhiteElo "2640"]
[BlackElo "2693"]

1.e4 e5 2.Nf3 Nc6 3.Bb5 a6 4.Ba4 Nf6 5.O-O b5 6.Bb3 Be7 7.c3 d6 8.Re1 Nb8
9.a3 Nbd7 10.d4 O-O 11.Nbd2 c5 12.d5 g6 13.Bc2 Nh5 14.b3 Bb7 15.a4 Nb6 16.Nf1 Bf6
17.Ne3 Bg7 18.Bd3 bxa4 19.bxa4 Qc7 20.Bd2 c4 21.Bf1 a5 22.Nc2 Bc8 23.Be3 Rb8
24.Na3 Ba6 25.Qc2 Rb7 26.Rab1 Rfb8 27.Nd2 Nf6 28.Bxb6 Rxb6 29.Bxc4 Bc8 30.Nb5 Qe7
31.Bd3 Ne8 32.Nc4 Ra6 33.Nba3 Raa8 34.Nb6 Ra7 35.c4 Rc7 36.Qc3 Rc5 37.Rb5 Bh3
38.gxh3 Rxb5 39.Nxb5 Rxb6 40.Bf1 Rb8 41.Qxa5 Bh6 42.Qc3 Bf4 43.a5 Qg5+ 44.Bg2 Nf6
45.a6 Nxe4 46.a7 Ra8 47.Qf3 Nd2 48.Qg4 Qe7 49.c5 Nb3 50.cxd6 Qb7 51.Rb1 Qxb5  0-1

[Event "Ordix Open"]
[Site "Mainz GER"]
[Date "2003.08.17"]
[Round "7"]
[White "Sokolov,I"]
[Black "Agrest,E"]
[Result "1-0"]
[WhiteElo "2693"]
[BlackElo "2605"]

1.d4 Nf6 2.c4 e6 3.Nc3 Bb4 4.Qc2 d6 5.e3 c5 6.Bd3 Nc6 7.Ne2 O-O 8.Bd2 cxd4
9.exd4 d5 10.cxd5 exd5 11.O-O h6 12.a3 Bd6 13.f3 Re8 14.Rae1 a6 15.Qc1 Be6
16.Kh1 Nh5 17.g3 Qf6 18.Be3 Rad8 19.Rf2 Na5 20.g4 Qh4 21.gxh5 Bf5 22.Bxf5 Nb3
23.Qd1 Rxe3 24.Rg2 Rxf3 25.Rf1 Nd2 26.Rfg1 Nc4 27.Rxg7+ Kf8 28.Rg8+  1-0

[Event "ECC"]
[Site "Rethymnon GRE"]
[Date "2003.09.30"]
[Round "3"]
[White "Sokolov,I"]
[Black "Borriss,M"]
[Result "1-0"]
[WhiteElo "2693"]
[BlackElo "2445"]

1.d4 Nf6 2.c4 g6 3.Nc3 Bg7 4.e4 d6 5.Bd3 O-O 6.Nge2 Nc6 7.O-O Nh5 8.Bc2 e5
9.d5 Ne7 10.a4 a5 11.Ra3 c5 12.Nb5 f5 13.exf5 gxf5 14.Ng3 Nxg3 15.fxg3 Ng6
16.Qh5 e4 17.Bg5 Bf6 18.Bxf6 Rxf6 19.Qg5 Kg7 20.g4 h6 21.Qd2 Ne5 22.gxf5 Bxf5
23.Rg3+ Bg6 24.Bxe4 Rxf1+ 25.Kxf1 Qf6+ 26.Kg1 Rf8 27.h3 Kh7 28.Bxg6+ Nxg6
29.Qxa5 Qf2+ 30.Kh2 Ne5 31.Qc3 Rf6 32.Nxd6  1-0

[Event "ECC"]
[Site "Rethymnon GRE"]
[Date "2003.10.02"]
[Round "5"]
[White "Sokolov,I"]
[Black "Roeder,M"]
[Result "1-0"]
[WhiteElo "2693"]
[BlackElo "2451"]

1.d4 Nf6 2.c4 g6 3.Nc3 Bg7 4.e4 d6 5.Bd3 Nc6 6.Nge2 Nd7 7.Be3 e5 8.d5 Nd4
9.Nb5 Nxb5 10.cxb5 O-O 11.Qc2 Nf6 12.f3 Ne8 13.Ng3 Bf6 14.Qd2 Bh4 15.Bh6 Ng7
16.O-O-O f6 17.Kb1 Bg5 18.Bxg5 fxg5 19.h3 Rf7 20.Rc1 Ne8 21.Rc3 Bd7 22.Ra3 Kg7
23.Rc1 h6 24.Nf1 Qb8 25.Ne3 Qd8 26.Be2 Qb8 27.Rcc3 Nf6 28.Ra5 Ne8 29.Qc2 Kh7
30.Rca3 b6 31.Ra6 Bc8 32.R6a4 Bd7 33.Qd2 Kg7 34.Nc2 Nf6 35.Qe3 Nh5 36.Nb4 a6
37.bxa6 Bxa4 38.Rxa4 c5 39.dxc6 Nf4 40.Nd5 b5 41.Ra5 Nxg2 42.Qg1 Nh4 43.Rxb5 Qc8
44.Rb7 Qxc6 45.Qb6 Qxb6 46.Rxf7+ Kxf7 47.Nxb6 Ra7 48.b4 Nxf3 49.Bxf3 Rxa6
50.Nd5 Ra3 51.Be2 Ke8 52.b5 Kd8 53.Kb2 Ra4 54.Bg4 h5 55.b6 Ra5 56.a4 Ra8
57.Be6 g4 58.hxg4 h4 59.g5  1-0

[Event "ECC"]
[Site "Rethymnon GRE"]
[Date "2003.10.03"]
[Round "6"]
[White "Sokolov,I"]
[Black "Macieja,B"]
[Result "1/2-1/2"]
[WhiteElo "2693"]
[BlackElo "2627"]

1.d4 Nf6 2.c4 e6 3.Nc3 Bb4 4.Qc2 c5 5.dxc5 O-O 6.a3 Bxc5 7.Nf3 b6 8.Bf4 Bb7
9.Rd1 Nc6 10.e3 Nh5 11.Bg5 Be7 12.Ne4 Na5 13.Bxe7 Qxe7 14.Nd6 Bxf3 15.gxf3 Rab8
16.b4 Nb7 17.Ne4 Rfd8 18.Be2 Nf6 19.Nc3 Rbc8 20.Qb3 Nd6 21.O-O Rc6 22.Kh1 Rdc8
23.b5 Rc5 24.Na4 Rh5 25.Rg1 Nb7 26.Qb2 Nc5 27.Nxc5 Rhxc5 28.Rd2 Kf8 29.a4  1/2-1/2

[Event "TCh-FRA Nat1 GpB"]
[Site "Clichy FRA"]
[Date "2004.01.31"]
[Round "2"]
[White "Sokolov,I"]
[Black "Poulton,J"]
[Result "1-0"]
[WhiteElo "2706"]
[BlackElo "2366"]

1.d4 Nf6 2.c4 c5 3.d5 b5 4.Nf3 d6 5.cxb5 a6 6.e3 g6 7.bxa6 Bg7 8.Bb5+ Nfd7
9.a4 Bxa6 10.Ra3 O-O 11.O-O Nb6 12.e4 e6 13.Re1 exd5 14.exd5 Bxb5 15.axb5 N8d7
16.Bf4 Nf6 17.Rxa8 Qxa8 18.Bxd6 Rc8 19.Nc3 Nbxd5 20.Ne5 Nxc3 21.bxc3 Nd5
22.Nc6 Nxc3 23.Ne7+ Kh8 24.Nxc8 Qxc8 25.Qd3 h5 26.b6  1-0

[Event "TCh-FRA Nat1 GpB"]
[Site "Clichy FRA"]
[Date "2004.02.01"]
[Round "3"]
[White "Wirig,A"]
[Black "Sokolov,I"]
[Result "1/2-1/2"]
[WhiteElo "2418"]
[BlackElo "2706"]

1.c4 e5 2.g3 Nf6 3.Bg2 Bc5 4.Nc3 O-O 5.e3 d6 6.Nge2 c6 7.O-O Re8 8.h3 Be6
9.b3 Nbd7 10.Bb2 Bb6 11.Kh2 Bf5 12.e4 Bg6 13.d3 a5 14.Qc2 Nc5 15.Rad1 Bh5
16.Rd2 Ne6 17.Ng1 Bc5 18.Qc1 Qd7 19.Nce2 a4 20.Nf3 axb3 21.axb3 Qc7 22.d4 Bxf3
23.dxc5 Bxg2 24.cxd6 Qd7 25.Kxg2 Nxe4 26.Rdd1 c5 27.f3 Nxd6 28.Bxe5 Nd4 29.Bxd4 cxd4
30.Nxd4 Ra2+ 31.Rf2 Rxf2+ 32.Kxf2 Qxh3 33.Rh1 Qd7 34.Rd1 Qh3 35.Rh1 Qc8 36.Qc2 f5
37.c5 Nf7 38.Qxf5 Qxf5 39.Nxf5 Re5 40.Nd6 Rxc5 41.Nxf7  1/2-1/2

[Event "TCh-BIH"]
[Site "Neum BIH"]
[Date "2004.06.01"]
[Round "4"]
[White "Sokolov,I"]
[Black "Brenjo,S"]
[Result "1-0"]
[WhiteElo "2690"]
[BlackElo "2464"]

1.d4 Nf6 2.c4 g6 3.Nc3 Bg7 4.e4 d6 5.Bd3 O-O 6.Nge2 Nc6 7.Bg5 h6 8.Bh4 e5
9.d5 Ne7 10.f3 Nh5 11.g4 Nf4 12.Nxf4 exf4 13.g5 h5 14.Qd2 c6 15.Qxf4 b5 16.O-O bxc4
17.Bxc4 cxd5 18.Nxd5 Nxd5 19.Bxd5 Rb8 20.Rab1 Be6 21.Rfd1 Bxb2 22.Bxe6 fxe6
23.Qe3 e5 24.Kg2 Qe7 25.Qd3 Bd4 26.Rxb8 Rxb8 27.Rd2 Rc8 28.Rc2 Rxc2+ 29.Qxc2 Kg7
30.Qd2 d5 31.exd5 Qc5 32.Bg3 Qxd5 33.Qc2 Qf7 34.h4 a6 35.a4 Qb7 36.Qc4 Qb2+
37.Kh3 Qc3 38.Qe2 Qa1 39.Bh2 Qc3 40.Bg3 Qa1 41.Bh2 Qc3 42.Qe4 Qc8+ 43.Kg2 Qe6
44.Qe2 Kf7 45.Bg3 Ke7 46.Be1 Qc6 47.Qd3 Kf7 48.a5 Qe6 49.Qe2  1-0

[Event "TCh-BIH"]
[Site "Neum BIH"]
[Date "2004.06.02"]
[Round "5"]
[White "Ilincic,Z"]
[Black "Sokolov,I"]
[Result "1/2-1/2"]
[WhiteElo "2538"]
[BlackElo "2690"]

1.d4 d5 2.c4 c6 3.Nf3 Nf6 4.e3 Bg4 5.h3 Bh5 6.cxd5 Bxf3 7.Qxf3 cxd5 8.Nc3 Nc6
9.Bd2 a6 10.g4 e6 11.g5 Nd7 12.h4 Rc8 13.O-O-O b5 14.Kb1 Be7 15.Qg4 Nb6 16.f4 Qd7
17.h5 b4 18.Ne2 Nc4 19.Nc1 a5 20.Bd3 a4 21.f5 e5 22.Bxc4 dxc4 23.d5 Na7 24.d6 c3
25.dxe7 cxd2 26.Qxb4 dxc1=Q+ 27.Rxc1 Qxe7 28.Rxc8+ Nxc8 29.Qb5+ Qd7 30.Qxe5+ Ne7
31.Qb8+ Nc8 32.Qe5+ Qe7 33.Qb5+ Qd7 34.Qe5+ Ne7 35.Qb8+ Qc8 36.Qb5+ Qc6 37.Qb8+ Qc8  1/2-1/2

[Event "TCh-BIH"]
[Site "Neum BIH"]
[Date "2004.06.03"]
[Round "6"]
[White "Golubovic,B"]
[Black "Sokolov,I"]
[Result "0-1"]
[WhiteElo "2424"]
[BlackElo "2690"]

1.c4 e5 2.g3 Nf6 3.Bg2 Bc5 4.Nc3 O-O 5.e3 d6 6.Nge2 c6 7.d4 Bb6 8.b3 Re8
9.h3 Bf5 10.O-O Na6 11.a3 Nc7 12.Na4 Ne6 13.Kh2 Bc7 14.Bb2 h5 15.Rc1 Ng5
16.d5 Qd7 17.dxc6 bxc6 18.Ng1 Rad8 19.f4 exf4 20.exf4 Nge4 21.Nf3 c5 22.Nc3 d5
23.Nxe4 dxe4 24.Ne5 Qe6 25.Qe2 Nd7 26.Qxh5 Nxe5 27.fxe5 Bg6 28.Qg5 Rd3 29.b4 Rb3
30.Rf2 cxb4 31.axb4 Rxb4 32.c5 Rb3 33.Re2 Qa6 34.Qg4 Bf5 35.Qxf5 Qxe2 36.Bd4 Rd3
37.Rf1 Rf8 38.Rf2 Qd1 39.Bxe4 g6 40.Qg5 Rxg3 41.Kxg3 Qxd4 42.Kf3 Qxc5 43.h4 Bd8
44.Qg4 Bb6 45.Re2 Qc1 46.Rg2 Qf1+ 47.Kg3 Bc7 48.Kh2 Re8  0-1

[Event "ACT Open"]
[Site "Amsterdam NED"]
[Date "2004.07.17"]
[Round "1"]
[White "Nezad,H"]
[Black "Sokolov,I"]
[Result "0-1"]
[WhiteElo "2312"]
[BlackElo "2679"]

1.e4 e5 2.Nf3 Nc6 3.Bb5 a6 4.Ba4 Nf6 5.O-O Be7 6.Re1 b5 7.Bb3 d6 8.c3 O-O
9.h3 Na5 10.Bc2 c5 11.d4 cxd4 12.cxd4 Bb7 13.d5 Rc8 14.a4 Qc7 15.Bd3 b4 16.Be3 Nc4
17.Qe2 Nxe3 18.Qxe3 Nh5 19.g3 Qd7 20.Kh2 f5 21.exf5 Nf6 22.Nbd2 Nxd5 23.Qe2 Rxf5
24.Bxa6 Bxa6 25.Qxa6 Nf6 26.Rac1 Rf8 27.Re2 e4 28.Qc4+ d5 29.Qc6 Qxc6 30.Rxc6 Bd8
31.Nd4 Rxf2+ 32.Kg1 Rxe2 33.Nxe2 Nd7 34.Nb3 Ne5 35.Rd6 Nc4 36.Rxd5 Ne3 37.Rd7 Rf1+
38.Kh2 Bf6 39.Nbd4 Bxd4 40.Nxd4 Rf2+ 41.Kg1 Rg2+ 42.Kh1 Rxb2 43.Rb7 Nc4 44.Kg1 Rd2
45.Nb3 e3 46.Kf1 Rf2+ 47.Ke1 Ne5 48.Re7 Nd3+ 49.Kd1 Rb2 50.Rxe3 Rxb3 51.Kc2 Rc3+
52.Kd2 Nc5  0-1

[Event "ACT Open"]
[Site "Amsterdam NED"]
[Date "2004.07.19"]
[Round "3"]
[White "Solleveld,Maa"]
[Black "Sokolov,I"]
[Result "1/2-1/2"]
[WhiteElo "2486"]
[BlackElo "2679"]

1.e4 e5 2.Nf3 Nc6 3.Bb5 a6 4.Ba4 Nf6 5.O-O Be7 6.Re1 b5 7.Bb3 d6 8.c3 O-O
9.h3 Na5 10.Bc2 c5 11.d4 cxd4 12.cxd4 Bb7 13.d5 Rc8 14.Nbd2 Nd7 15.Nf1 Qc7
16.Bb1 Nc4 17.Ng3 g6 18.b3 Ncb6 19.Bh6 Rfe8 20.Bd3 Bf8 21.Bd2 Nc5 22.Rc1 Qe7
23.Bb1 Bg7 24.Be3 a5 25.Bd3 b4 26.Bb5 Red8 27.Qd2 Nbd7 28.Qe2 Qf8 29.Nd2 Nb6
30.f4 exf4 31.Bxf4 Rc7 32.Nf3 Rdc8 33.Qf2 Nbd7 34.Nd4 Ne5 35.Rcd1 Ncd7 36.Nf1 Rc5
37.Ne3 Qd8 38.Kh1 Rc3 39.Ne2 R3c7 40.Nd4 Nc5 41.Nf1 Qf8 42.Qg3 Rb8 43.Nh2 Bc8
44.Nhf3 Re7 45.Bc4 Bd7 46.Nc6 Bxc6 47.dxc6 Rc8 48.Bd5 Qe8 49.Nd4 Rb8 50.Nf3 Rc8
51.Qh4 Nxf3 52.gxf3 Be5 53.Bg5 Rec7 54.f4 Bc3 55.Re3 Rxc6 56.f5 Bg7 57.Rf1 R6c7
58.Ref3 Kh8 59.fxg6 fxg6 60.Rf7 Rxf7 61.Rxf7 Ne6 62.Bxe6 Qxe6 63.Re7 Qg8
64.Bf6 Rc1+ 65.Kg2 Rc2+ 66.Kg3 Rc3+ 67.Kg2 Rc2+ 68.Kg3 Rc3+ 69.Kg2  1/2-1/2